| 000 | 04055cam a22005414i 4500 | ||
|---|---|---|---|
| 003 | PE-LiUPU | ||
| 005 | 20250731172932.0 | ||
| 008 | 170622s2008 ne a r 001 0 eng d | ||
| 020 | _a9004165975 | ||
| 020 | _a9789004165977 | ||
| 035 | _a(Sirsi) a204454 | ||
| 040 |
_aPE-LiUPU _bspa _cPE-LiUPU _erda |
||
| 049 | _aPRUA | ||
| 082 | 0 | 4 |
_a200.901 _bE5 _222 |
| 245 | 0 | 0 |
_aEmpsychoi logoi : _breligious innovations in antiquity : studies in honour of Pieter Willem van der Horst / _ced. by Alberdina Houtman, Albert de Jong, and Magda Misset-van de Weg. |
| 264 | 1 |
_aLeiden : _bBrill, _c2008. |
|
| 300 |
_axxiv, 646 páginas : _bilustraciones ; _c25 centimetros. |
||
| 336 |
_atext _2rdacontent |
||
| 337 |
_aunmediated _2rdamedia |
||
| 338 |
_avolume _2rdacarrier |
||
| 490 | 0 |
_aArbeiten zur Geschichte des Antiken Judentums und des Urchristentums ; _v73 |
|
| 504 | _aÍndices: páginas 617-646. | ||
| 505 | 0 | _a'Judenthum', 'griechenthum' and 'christenthum' as parameters in early nineteenth century Jewish political thinking / I. Zwiep -- Explaining change in Judaism in late antiquity / M. Goodman -- The end of sacrifce : religious mutations of late antiquity / G.G. Stroumsa -- Worshipping the visible gods : confict and accommodation in Hellenism, hellenistic Judaism and early Christianity / D.T. Runia -- The impact of the individual -- Ammianus marcellinus' judgement of Julian's Piety / J. den Boeft -- A quodam persa exstiterunt : re-orienting manichaean origins / A. de Jong -- The letter of Mara bar Sarapion : some comments on its philosophical and historical context / A. Merz & T. Tieleman -- John the Baptist according to Flavius Josephus, and his incorporation in the Christian tradition / J. Tromp -- The panegyris in Jerusalem : responses to Herod's initiative ( Josephus, antiquities 15.268-290) / J.W. van Henten -- Group dynamics as agents of religious change -- Sabbath at Elephantine : a short episode in the construction of Jewish identity / B. Becking -- The opponents in the Johannine Epistles : fact or fiction? / M.J.J. Menken -- Is there a heresy that necessitated Jude's letter? / G. Van Oyen -- Jewish Monotheism and Christian origins / B.J. Lietaert Peerbolte -- The didache redening : its Jewish identity in the light of Gentiles joining the community / H. van de Sandt -- Bereshit bara Elohim : Bereshit Rabba, Parashah 1, reconsidered / P. Schaefer -- New texts, new readings -- Manichaean elements in n early version of the Virgin Mary's assumption / R. van den Broek -- Interpretative thetas in the Strasbourg Empedocles / J. Mansfeld & K. Algra -- 'Our righteous brethren' : reflections on the description of the righteous ones according to the Greek revelation of Peter (Akhm -- 2) / T. Nicklas -- The evil inclination in the Dead Sea Scrolls, with a re-edition of 4q468i (4qsectarian text?) / E. Tigchelaar -- A Greek letter from Syria / K. Worp -- Jewish and Christian texts in comparison -- Close encounters of. | |
| 526 | _aSEG42 | ||
| 526 | _aSEG41 | ||
| 526 | _aSEG40 | ||
| 526 | _aSEG39 | ||
| 526 | _aP94 | ||
| 526 | _aP87 | ||
| 526 | _aP86 | ||
| 526 | _aP85 | ||
| 526 | _aP77 | ||
| 526 | _aP76 | ||
| 526 | _aP35 | ||
| 650 | 0 |
_aReligión _xFilosofía. |
|
| 650 | 0 | _aReligiones. | |
| 700 | 1 |
_aHorst, Pieter Willem van der, _eeditor. |
|
| 700 | 1 |
_aHoutman, Alberdina, _eeditor. |
|
| 700 | 1 |
_aJong, Albert de, _d1966- _eeditor. |
|
| 700 | 1 |
_aWeg, Magda Misset-van de, _d1943- _eeditor. |
|
| 910 |
_ajck _bjvq _cjpc _d20170622 |
||
| 942 |
_2ddc _cBOOK |
||
| 949 |
_a200.901 E5 _wDEWEY _c1 _i76405 _lCATALOGING _mBUL _p261.00 _r0 _sY _tBOOK _u2017-06-22 _xTEOLOGÍA _zTEOLOGÍA _0COMPRA _o.CIRCNOTE. El documento es de alto precio. _o.STAFF. Colección Teología |
||
| 994 |
_aC0 _bPEPRU |
||
| 596 | _a1 | ||
| 999 |
_a200.901 E5 _wDEWEY _c20806 _i76405 _d20806 _e2017-6-22 _f2021-11-9 _g4 _lCCODEBUL1 _mBUL _n1 _p261.00 _r0 _sY _tBOOK _u2017-6-22 _xTEOLOGIA _PP35 _0COMPRA _o.STAFF. Colección Teología |
||
| 980 |
_81 _gALBERTO SANCHEZ Responsable de Automatización |
||